|
|
|
|
| LEADER |
02032nam a22003017a 4500 |
| 001 |
44960 |
| 003 |
BD-DhAAL |
| 005 |
20251021144947.0 |
| 008 |
251021t2023 ||||| |||| 00| 0 eng d |
| 020 |
|
|
|a 9798538977383
|
| 040 |
|
|
|a BD-DhAAL
|c BD-DhAAL
|
| 041 |
|
|
|a jpn
|a eng
|
| 082 |
|
|
|a 495.682421
|2 23
|
| 245 |
|
|
|a Learning Japanese :
|b hiragana and katakana +plus kanji : workbook for beginners : self-study for learning to read, write and speak Japanese.
|
| 246 |
0 |
8 |
|a Learning Japanese :
|b workbook for beginners
|
| 250 |
|
|
|a Expanded edition (1).
|
| 260 |
|
|
|a [Place of publication not identified] :
|b Just Reality,
|c 2023.
|
| 300 |
|
|
|a 300 pages ;
|c 28 cm
|
| 526 |
|
|
|a CSE
|x Annajiat Alim Rasel
Senior Lecturer
Department of Computer Science and Engineering
BRAC University
Course Name : Japanese Language and General for ITEE (JPN 101)
|
| 541 |
|
|
|a Hye Trade International
|e 44960, 44961
|
| 650 |
|
|
|a Japanese language
|v Textbooks for foreign speakers
|x English.
|9 59285
|
| 650 |
|
|
|a Japanese language
|x Writing
|v Problems, exercises, etc.
|9 59703
|
| 650 |
|
|
|a Japanese language
|v Self-instruction.
|9 59616
|
| 852 |
|
|
|a Ayesha Abed Library
|c General Stacks
|
| 942 |
|
|
|c BK
|2 ddc
|
| 999 |
|
|
|c 47489
|d 47489
|
| 952 |
|
|
|0 0
|1 0
|2 ddc
|4 0
|6 495_682421000000000_LEA
|7 0
|9 78375
|a BRACUL
|b BRACUL
|c NEW
|d 2025-10-19
|e Hye Trade International
|g 4845.00
|l 1
|m 6
|o 495.682421 LEA
|p 3010044960
|r 2025-11-19
|s 2025-10-23
|t 1
|v 9690.00
|w 2025-10-19
|y BK
|x Requisitioned by Annajiat Alim Rasel (Senior Lecturer, Department of Computer Science and Engineering, BRAC University) for the course named - 'Japanese Language and General for ITEE (JPN 101)'
|
| 952 |
|
|
|0 0
|1 0
|2 ddc
|4 0
|6 495_682421000000000_LEA
|7 0
|9 78376
|a BRACUL
|b BRACUL
|c GEN
|d 2025-10-19
|e Hye Trade International
|g 4845.00
|l 1
|o 495.682421 LEA
|p 3010044961
|q 2026-06-02
|r 2026-05-20
|s 2026-05-20
|t 2
|v 9690.00
|w 2025-10-19
|y BK
|x Requisitioned by Annajiat Alim Rasel (Senior Lecturer, Department of Computer Science and Engineering, BRAC University) for the course named - 'Japanese Language and General for ITEE (JPN 101)'
|